[Event "Schwarzach 03 (4)"]
[Site "Uttendorf"]
[Date "2003.08.26"]
[Round "?"]
[White "Schörghofer, Johann"]
[Black "Grundner, Alois"]
[Result "0-1"]
[WhiteElo "1620"]
[BlackElo "1848"]
[Annotator "Fritz 8 (10s)"]
[PlyCount "39"]

{E34: Nimzoindisch (4.Dc2)} 1. d4 Nf6 2. c4 e6 3. Nc3 Bb4 4. Qc2 d5 5. Nf3 O-O
6. Bg5 Nbd7 7. e3 h6 8. Bh4 c5 9. cxd5 exd5 {letzter Buchzug} 10. Be2 Qa5 11.
O-O Bxc3 12. bxc3 c4 {Raumvorteil} 13. Nd2 Re8 14. Bf3 g5 15. Bg3 h5 {[%cal
Yg5g4] Ermöglicht auch g4} (15... Qa6 $142 $5 $16) 16. Qf5 $18 g4 $2 (16...
Qxc3 {[%emt 0:00:00]} 17. Qxg5+ {[%eval 228,9] [%emt 0:00:03]} Kh7 {[%eval 262,
11] [%emt 0:00:14]} 18. Rfd1 {[%emt 0:00:00]} Qc2 {[%eval 231,11] [%emt 0:00:
11]} 19. Bxd5 {[%emt 0:00:49]} Qg6 {[%eval 250,12] [%emt 0:00:00]} 20. Qxg6+ {
[%emt 0:00:03]} Kxg6 {[%eval 241,11] [%emt 0:00:01]} 21. Bxc4 {[%emt 0:00:01]}
Nb6 {[%eval 244,11] [%emt 0:00:16]} 22. Bd3+ {[%emt 0:00:05] (Le5)} Bf5 {
[%eval 237,11] [%emt 0:00:13]} 23. Bxf5+ {[%emt 0:00:00] (Lb5)} Kxf5 {[%eval
197,10] [%emt 0:00:04]}) 17. Qg5+ Kh7 18. Nxc4 $1 {schön gesehen} Qxc3 (18...
dxc4 {Nutzt die Fesselung aus} 19. Qxa5) 19. Bxd5 Qc2 (19... Nxd5 {ändert
nichts am Ausgang der Partie} 20. Qxd5 Re6 21. Qxh5+ Kg7 22. Nd6 Rxd6 23. Bxd6
$18) 20. Bxf7 0-1

[Event "Schwarzach 03 (5)"]
[Site "Uttendorf"]
[Date "2003.08.27"]
[Round "?"]
[White "Sadilek, Heinrich"]
[Black "Grundner, Alois"]
[Result "0-1"]
[WhiteElo "1792"]
[BlackElo "1848"]
[Annotator "Grundner,Alois"]
[PlyCount "62"]
[TimeControl "240+2"]

{48MB, Fritz8.ctg, OEMComputer} 1. e4 c5 2. Nf3 Nc6 3. c3 d5 4. exd5 Qxd5 5. d4
Bg4 6. Be2 cxd4 7. cxd4 e6 8. O-O Nf6 9. Be3 Bd6 10. h3 Bh5 11. a3 O-O 12. b4
Ne4 13. Qc2 Rac8 14. Bc4 Nxd4 15. Bxd5 Nxc2 16. Bxe4 Nxa1 17. Bxb7 Rc7 18. Be4
f5 19. Bd3 Bxf3 20. gxf3 Nb3 21. Rd1 Rd8 22. Be2 Be7 23. Re1 g5 24. f4 h6 25.
b5 Nd4 26. Kg2 Nc2 27. Rg1 Nxe3+ 28. fxe3 Rc2 29. Kf3 Kf7 30. a4 Kf6 31. Na3
Bxa3 0-1

[Event "Schwarzach 03 (6)"]
[Site "Uttendorf"]
[Date "2003.08.28"]
[Round "?"]
[White "Löffler, Alois"]
[Black "Grundner, Alois"]
[Result "1-0"]
[WhiteElo "1951"]
[BlackElo "1848"]
[Annotator "Grundner,Alois"]
[PlyCount "144"]
[TimeControl "240+2"]

{48MB, Fritz8.ctg, OEMComputer} 1. d4 Nf6 2. c4 e6 3. Nc3 d5 4. Bg5 Be7 5. e3
Nbd7 6. Nf3 c6 7. Rc1 O-O 8. Bd3 Re8 9. O-O h6 10. Bh4 dxc4 11. Bxc4 Nd5 12.
Bg3 Bf6 13. Ne4 Be7 14. Re1 N7f6 15. Nxf6+ Nxf6 16. Ne5 Qb6 17. Qe2 Rd8 18.
Red1 Bd7 19. f3 Be8 20. Bf2 c5 21. dxc5 Bxc5 22. Nd3 Be7 23. e4 Qa5 24. Bb3 Qg5
25. Be3 Qa5 26. Rc2 Rac8 27. Rdc1 Rxc2 28. Qxc2 Bc6 29. Nf4 a6 30. Qf2 {Weiß
bot Remis, was Schwarz  ablehnte} Qe5 31. Qc2 g5 32. Nd3 Qa5 33. Qc3 Qxc3 34.
Rxc3 a5 35. a4 Bb4 36. Nxb4 axb4 37. Rc4 Rd3 38. Bd4 e5 39. Bxe5 Nd7 40. Bc2
Nxe5 41. Bxd3 Nxd3 42. b3 Kf8 43. Rd4 Nc5 44. Rxb4 Ke7 45. Kf1 Ke6 46. Ke2 Ke5
47. Ke3 h5 48. g3 Ne6 49. Rc4 f6 50. f4+ Kd6 51. a5 g4 52. b4 Bd7 53. Rc3 Bc6
54. Rc2 Kd7 55. Rc3 Bb5 56. Rc1 Kd6 57. Rc3 Bc6 58. Rc2 Nc7 59. Rc5 Be8 60. Rf5
Ke6 61. Rc5 Na6 62. Rc8 Kd7 63. Rc4 Bf7 64. Rc2 Nc7 65. Rc5 Kd6 66. Rf5 Ke6 67.
b5 Bg6 {Schwarz bot Remis, was diesmal Weiß ablehnte} 68. a6 b6 69. Rd5 Bxe4
70. Rxh5 f5 71. Rh6+ Kd7 72. Rxb6 Nd5+ 1-0

[Event "Schwarzach 03 (9)"]
[Site "Uttendorf"]
[Date "2003.08.31"]
[Round "?"]
[White "Nuber, Blasius"]
[Black "Grundner, Alois"]
[Result "0-1"]
[WhiteElo "1692"]
[BlackElo "1848"]
[Annotator "Grundner,Alois"]
[PlyCount "68"]
[TimeControl "240+2"]

{48MB, Fritz8.ctg, OEMComputer} 1. e4 c5 2. c3 Nc6 3. d4 d5 4. Nf3 dxe4 5. d5
exf3 6. dxc6 Qxd1+ 7. Kxd1 Bg4 8. g3 bxc6 9. h3 Bf5 10. Nd2 Rd8 11. Ke1 e5 12.
Nxf3 Bd6 13. Be3 Ne7 14. c4 Be4 15. Bg2 Nf5 16. Nh4 Bxg2 17. Nxg2 Nd4 18. Rc1
O-O 19. f4 {[%emt 0:00:00]} exf4 20. Nxf4 Rfe8 21. Kf2 Bxf4 22. gxf4 Re4 23.
Rhe1 Rde8 24. Rc3 h6 25. Rcc1 Nf5 26. Bd2 (26. Bxc5 Rxf4+ 27. Kg1 Rxe1+ 28.
Rxe1 Rxc4) 26... Rxe1 27. Rxe1 Rxe1 28. Bxe1 Nd6 29. b3 f5 30. h4 Kf7 31. h5
Ne4+ 32. Ke3 Nf6 33. Kf3 Ke6 34. Bf2 Kd6 0-1

[Event "Schwarzach 03 (7)"]
[Site "Uttendorf"]
[Date "2003.08.29"]
[Round "?"]
[White "Schmidt, Mathias"]
[Black "Grundner, Alois"]
[Result "1-0"]
[WhiteElo "1920"]
[BlackElo "1848"]
[Annotator "Grundner,Alois"]
[PlyCount "125"]
[TimeControl "240+2"]

{48MB, Fritz8.ctg, OEMComputer} 1. Nf3 d5 2. c4 c6 3. d4 Nf6 4. e3 Nbd7 5. Nc3
e6 6. Qc2 Bd6 7. b3 O-O 8. Bd3 h6 9. O-O e5 10. dxe5 Nxe5 11. Nxe5 Bxe5 12. h3
Ne4 13. Bb2 Nxc3 14. Bxc3 Bxc3 15. Qxc3 Be6 16. c5 f5 17. Qe5 Qf6 18. Qxf6 Rxf6
19. f4 Re8 20. Kf2 Rf7 21. Rfe1 Rfe7 22. b4 Bd7 23. a4 a6 24. Rad1 g6 25. Rb1
Kf7 26. g3 Kf6 27. Re2 h5 28. h4 Ra8 {Schwarz bot Remis} 29. Ke1 Rae8 30. Kd2
Ra8 31. Kc3 Rae8 32. Kd4 Ra8 33. Ree1 Ree8 34. Rb2 Red8 35. Reb1 Be8 36. Kc3
Bd7 37. Kd4 Be8 38. b5 axb5 39. axb5 Ra4+ 40. Rb4 Rda8 41. bxc6 bxc6 42. Rxa4
Rxa4+ 43. Kc3 Ra3+ 44. Rb3 Rxb3+ 45. Kxb3 Ke7 46. Kb4 Kd7 47. Kc3 Ke7 48. Kd4
Kf6 49. Ba6 Bd7 50. Bb7 Ke6 51. Ba6 Kf6 52. Kc3 Ke7 53. Kb4 Kd8 54. Ka5 Kc7 55.
Bd3 Bc8 56. Ba6 Bd7 57. Be2 Bc8 58. Bd3 Be6 59. Bc2 Bc8 60. Ba4 Be6 61. Kb4 Kd8
({3.34 Fritz 8:} 61... Bd7 62. Kc3 Kc8 63. Kd4 Kd8 64. Kc3 Be8 65. Kb4 Kd7 66.
Ka5 Kc7 67. Kb4 {[%eval 3,18]}) 62. Bxc6 Bf7 63. Kc3 1-0

[Event "Schwarzach 03 (8)"]
[Site "Uttendorf"]
[Date "2003.08.30"]
[Round "?"]
[White "Grundner, Alois"]
[Black "Windhofer, Johann"]
[Result "1/2-1/2"]
[WhiteElo "1822"]
[BlackElo "1848"]
[Annotator "Grundner,Alois"]
[PlyCount "58"]
[TimeControl "240+2"]

{48MB, Fritz8.ctg, OEMComputer} 1. d4 c6 2. c4 d5 3. Nc3 Nf6 4. Nf3 dxc4 5. a4
Bf5 6. e3 Nbd7 7. Bxc4 e6 8. O-O Qc7 9. b3 Be7 10. Bb2 O-O {Schwarz bot Remis}
11. Re1 Ne4 12. Nxe4 Bxe4 13. Nd2 Bg6 14. e4 Nb6 15. Rc1 Rad8 16. Nf3 Bh5 17.
Be2 Bd6 18. h3 Qe7 19. Qc2 Nd7 20. Rcd1 Bb4 21. Bc3 Bxc3 22. Qxc3 Nf6 {Schwarz
bot neuerlich Remis} 23. Qe3 Qb4 24. Rd3 $2 ({-0.81 Fritz 8:} 24. Ne5 Bxe2 25.
Rxe2 Nd7 26. Red2 a5 27. f4 f5 28. exf5 exf5 29. Nxd7 Rxd7 30. d5 Qe4 {[%eval
22,12]}) 24... Bg6 25. d5 Qxe4 ({-0.78 Fritz 8:} 25... exd5 26. Rd4 Qe7 27. e5
c5 28. Rf4 Ne4 {[%eval -122,10]}) 26. Qxa7 Qb4 27. Rd4 Qxb3 28. Bc4 Qb2 ({0.56
Fritz 8:} 28... Qb4 29. Bf1 Qa3 30. dxe6 Rxd4 31. Qxd4 fxe6 32. Rxe6 c5 33. Qc4
Bf7 34. Re3 {[%eval -16,10]}) 29. dxe6 Rxd4 {Schwarz bot nun zum dritten Mal
Remis, was Weiß jetzt annahm.} 1/2-1/2

[Event "1.Kl.Süd"]
[Site "Uttendorf"]
[Date "2003.09.27"]
[Round "1"]
[White "Grundner, Alois"]
[Black "Schöpf, Gerhard"]
[Result "1-0"]
[WhiteElo "1845"]
[BlackElo "1670"]
[Annotator "Fritz 8 (10s)"]
[PlyCount "93"]

{D64: Damengambit (Tempokampf-Variante)} 1. d4 d5 2. c4 c6 3. Nc3 e6 4. Nf3 Nf6
5. Bg5 Be7 6. e3 Nbd7 7. Rc1 O-O 8. Qc2 dxc4 9. Bxc4 h6 {letzter Buchzug} 10.
h4 Nh7 (10... Nb6 11. Bxf6 Bxf6 12. Be2 $11) 11. Bf4 (11. Bxe7 Qxe7 12. g4 e5
$16) 11... Re8 12. g4 b5 (12... Nhf8 $5 $16) 13. Bd3 Ndf8 (13... Nhf8 14. g5 h5
15. Be4 $16) 14. Be4 (14. g5 b4 15. Ne2 Bb7 16. gxh6 g6 $18) 14... Qb6 (14...
Bb7 $5 $18) 15. Ne5 Bb7 16. g5 g6 17. gxh6 f5 $4 {es war sowieso egal} (17...
c5 18. h5 Bxe4 19. Nxe4 g5 20. dxc5 Qa5+ 21. Kf1 f6 $18) 18. Bxf5 $1 {ist die
schöne Entscheidung} exf5 (18... gxf5 19. Rg1+) 19. Qb3+ Kh8 20. Nf7+ Kg8 21.
Ng5+ (21. Nd6+ $142 {entschiede die Partie sofort} Kh8 22. Nxe8 Rxe8 23. Be5+
Bf6 24. Bxf6+ Nxf6 $18) 21... Kh8 22. Qf7 (22. Be5+ $142 {sichert den Gewinn}
Bf6 23. Nf7+ Kg8 24. Nd8+ Ne6 25. Nxe6 $18) 22... Bf6 $11 23. Be5 Rxe5 (23...
Bxe5 24. dxe5) 24. dxe5 Bxe5 25. Nxh7 Nxh7 {Steht gut, da h6 blockiert ist} 26.
Qxg6 (26. h5 g5 27. Qxf5 Qc7 $15) 26... Rf8 27. Rg1 Qd8 28. Rd1 Qf6 (28... Qe7
$5 {ist bedenkenswert} 29. Kd2 b4 $15 (29... Qxh4 30. f4 Bf6 31. Kc1 $18)) 29.
Qg7+ Qxg7 30. hxg7+ Bxg7 31. Rd7 Bxc3+ 32. bxc3 Bc8 33. Rxa7 Be6 34. Rg6 Bd5 (
34... Nf6 35. h5 $14) 35. Ke2 (35. Rh6 Rf7 36. Rxf7 Bxf7 37. Rxc6 Bxa2 $18)
35... Rf7 (35... Nf6 $142 $5 $14 {damit wäre Schwarz im Spiel geblieben}) 36.
Rxf7 $18 Bxf7 37. Rxc6 Bxa2 38. Kd3 Kg7 39. Kd4 Nf6 (39... Nf8 40. h5 $16) 40.
f3 (40. Rc5 $142 $18) 40... Bd5 $4 {der Druck provoziert den entscheidenden
Fehler} (40... Bc4 $142 $18) 41. Rxf6 $1 {macht alles klar} Bxf3 (41... Kxf6
42. Kxd5) 42. Rxf5 Be2 43. e4 Kg6 44. Rf2 Bc4 45. Ke5 Kh5 46. Rf4 Kg6 47. Kd6 (
47. Kd6 Bd3 48. e5 $18) 1-0

[Event "1.Klasse Süd"]
[Site "Uttendorf"]
[Date "2003.10.18"]
[Round "?"]
[White "Walkner, Karl"]
[Black "Grundner, Alois"]
[Result "0-1"]
[WhiteElo "1855"]
[BlackElo "1848"]
[Annotator "Fritz 8 (10s)"]
[PlyCount "72"]

{B32: Sizilianisch (Löwenthal-Variante)} 1. e4 c5 2. Nf3 Nc6 3. d4 cxd4 4. Nxd4
e5 5. Nb5 d6 6. a4 Be6 7. N1c3 a6 8. Na3 Nf6 9. Bg5 Be7 10. Bxf6 {letzter
Buchzug} gxf6 11. Bc4 Bxc4 (11... h5 $5 $14 {ist zu prüfen}) 12. Nxc4 $16 Nd4 (
12... f5 13. exf5 Nd4 14. O-O $16) 13. Ne3 (13. Nd5 Rc8 14. b3 Rc6 $18) 13...
Qd7 (13... f5 $142 $5 14. Nxf5 Nxf5 15. exf5 Rg8 $18) 14. Ncd5 Bd8 15. c3 Ne6
16. Ng4 (16. Nf5 Qc6 $18) 16... Qc6 17. Ngxf6+ Bxf6 18. Nxf6+ Kf8 19. Qd5 $4 {
gibt den Vorteil aus der Hand} (19. a5 $142 $18 {und Weiß bekommt die Oberhand}
) 19... Ke7 20. Qxc6 bxc6 21. Nh5 Nc5 22. Ng3 Nd3+ 23. Ke2 Nxb2 24. Rhb1 (24.
Rhf1 Ke6 $11) 24... Rhb8 25. Nf5+ Ke6 26. Ra2 Nc4 {Der Springer steht auf c4
komfortabel} 27. Rb4 (27. Raa1 $5 $15 {ist vielleicht stärker}) 27... Rxb4 $17
28. cxb4 Rb8 29. b5 cxb5 30. axb5 axb5 31. Kd3 d5 32. f3 b4 33. exd5+ (33. Ra1
b3 34. exd5+ Kxd5 $19 (34... Kxf5 $6 35. Kxc4 b2 36. Rb1 $15)) 33... Kxd5 (
33... Kxf5 {wäre weniger gut} 34. Kxc4 Kf6 35. Re2 $11) 34. Rc2 (34. Ra1 Kc5
35. Rc1 Rd8+ 36. Ke2 Rd2+ 37. Ke1 Rxg2 38. Ne3 Rg1+ 39. Nf1 $19) 34... b3 35.
Ne7+ Ke6 36. Rxc4 (36. Re2 {die letzte Gegenchance} b2 37. Re1 $19) 36... b2 (
36... b2 37. Ke3 b1=Q $19) (36... Kxe7 $6 {kommt nicht in Frage} 37. Rc1 f5 38.
Rb1 $19) 0-1

[Event "1.Kl.Süd"]
[Site "Uttendorf"]
[Date "2003.11.08"]
[Round "?"]
[White "Grundner, Alois"]
[Black "Sigl, Martin"]
[Result "1-0"]
[WhiteElo "1848"]
[BlackElo "1591"]
[Annotator "Grundner,Alois"]
[PlyCount "81"]
[TimeControl "240+2"]

{48MB, Fritz8.ctg, OEMComputer} 1. d4 Nf6 2. c4 d5 3. Nc3 e6 4. Bg5 Be7 5. e3
c6 6. Nf3 Nbd7 7. Rc1 h6 8. Bh4 Bb4 9. Bd3 Qa5 10. a3 Bxc3+ 11. Rxc3 (11. bxc3
dxc4 12. Bxc4 Qxa3 13. O-O b5 14. Bd3 a5 15. Qc2 Nd5 16. Bg3 f5 17. Be2 O-O 18.
c4 bxc4 19. Bxc4 Ba6 20. Ra1 Qb4 21. Bxa6 Rxa6 22. Rfb1 Qc3 23. Qd1) 11... dxc4
12. Bxc4 Ne4 13. Qc1 Nxc3 14. bxc3 Nb6 15. Nd2 Nd5 16. Ne4 O-O 17. O-O f5 18.
Bxd5 Qxd5 19. Nc5 b6 20. c4 Qd6 21. Nd3 c5 22. Bg3 Qd8 23. Be5 Bb7 24. Qb2 cxd4
25. exd4 Qd7 26. f3 Rac8 27. Rc1 Ba6 28. Qb3 Qc6 29. Nb4 Qb7 30. c5 Bb5 31. c6
(31. Qxe6+ {[%emt 0:00:00]} Qf7 {[%emt 0:00:00]}) 31... Qe7 32. a4 a5 33. Nd5
exd5 34. Qxb5 {?! Dxd5!!} Rfd8 35. Qxb6 Qa3 36. Rb1 Qxa4 37. c7 (37. Qb7 $1 Kf8
{[%emt 0:00:00]} 38. Qxg7+ {[%eval 32758,3] [%emt 0:00:00]} Ke8 {[%emt 0:00:03]
} 39. Qg8+ {[%eval 32760,2] [%emt 0:00:03]} Ke7 {[%emt 0:00:04]} 40. Rb7+ {
[%eval 32762,2] [%emt 0:00:04]}) 37... Re8 38. Qg6 Qd7 39. Rb8 Qf7 40. Qa6 Qe6
41. Qxe6+ 1-0

[Event "1.Kl.Süd"]
[Site "Uttendorf"]
[Date "2003.11.22"]
[Round "?"]
[White "Grundner, Alois"]
[Black "Baumgartner, Manfred, Dr."]
[Result "1-0"]
[WhiteElo "1848"]
[BlackElo "1730"]
[Annotator "Fritz 8 (10s)"]
[PlyCount "73"]

{D26: Angenommenes Damengambit} 1. d4 d5 2. c4 dxc4 3. e3 Nf6 4. Bxc4 e6 5. Nf3
c5 6. O-O cxd4 7. exd4 Be7 8. Nc3 O-O 9. Ne5 Nbd7 {letzter Buchzug} 10. Be3 Nb6
11. Bb3 Nbd5 12. Rc1 a6 {Überdeckt b5} 13. Qf3 Nxc3 14. Rxc3 Nd5 15. Bxd5 Qxd5
16. Qxd5 (16. Qg4 $5 Re8 17. Bh6 $16) 16... exd5 $11 17. a3 {Sichert b4} Be6
18. Rc7 Bd6 19. Rxb7 Rfc8 (19... Rfb8 20. Rxb8+ Rxb8 21. b4 $14) 20. Nd7 $16
Rc2 21. Nc5 {Da gehört der Springer hin} Bc8 22. Rb6 {[%cal Rb6a6,Rc5a6,Ga8a6,
Gc8a6] Fällt a6?} Bf8 23. Rc1 Rxc1+ 24. Bxc1 Ra7 (24... Bxc5 25. dxc5 f6 26. b4
$18) 25. Rc6 Ra8 26. Bf4 Bxc5 27. dxc5 Be6 28. b4 Re8 (28... Kf8 29. Be5 $18)
29. h3 (29. Rxa6 {ist minderwertig} Bc8 30. f3 Bxa6 $19) 29... Ra8 30. Rd6 Kf8
31. a4 Ke7 32. b5 axb5 33. axb5 Ra5 34. b6 (34. Rb6 Ra4 35. Bd6+ Kf6 $18) 34...
Rb5 (34... Rxc5 35. b7 Rb5 36. Rxe6+ fxe6 37. b8=Q Rxb8 38. Bxb8 $18) 35. Rc6
d4 36. Rd6 Rxc5 37. b7 1-0

[Event "1.Kl.Süd"]
[Site "Uttendorf"]
[Date "2003.12.06"]
[Round "5"]
[White "Berger, Herbert"]
[Black "Grundner, Alois"]
[Result "1-0"]
[WhiteElo "1958"]
[BlackElo "1848"]
[Annotator "Fritz 8 (10s)"]
[PlyCount "59"]

{A08: Königsindisch im Anzug} 1. Nf3 d5 2. g3 c5 3. Bg2 Nc6 4. O-O e5 5. d3 Be7
6. Nbd2 Nf6 7. e4 d4 8. Nc4 Qc7 9. a4 {letzter Buchzug} O-O 10. Nh4 Be6 11. b3
{Nimmt Einfluß auf c4} Qd7 12. f4 {Der thematische Vorstoß} Bxc4 13. bxc4 Bd6
14. Nf5 Bc7 15. Bh3 Kh8 16. Kg2 Qd8 17. Qf3 Ne7 18. fxe5 Bxe5 {Dort fühlt sich
der schwarze Läufer wohl} 19. Bg5 Neg8 20. Nh4 h6 21. Bd2 Nh7 $4 (21... Qc7 $5
$14) 22. Qf5 (22. Qxf7 {damit würde Weiß es sich noch erleichtern} Qxh4 23.
gxh4 Rxf7 24. Rxf7 Nhf6 $18) 22... Qe7 $4 {führt zu weiterem Ungemach} (22...
Qd6 $142 $16) 23. Qxf7 $1 $18 {Rumms!.} Qxh4 (23... Rxf7 24. Ng6# {Motiv:
Doppelangriff}) 24. gxh4 Rxf7 25. Rxf7 b6 26. Raf1 Ngf6 27. Re7 Bd6 28. Re6 Bb8
(28... Bc7 {nützt auch nichts mehr} 29. e5 Ng8 30. Rf7 $18) 29. e5 Nf8 (29...
Bxe5 {ändert nichts mehr} 30. Rxe5 Rb8 31. Rfe1 $18) 30. exf6 (30. exf6 Nxe6
31. Bxe6 $18) (30. Re8 $142 $1 {und nichts geht mehr} Nxe8 31. Rxf8+ Kh7 32.
Rxe8 Kg6 $18) 1-0

[Event "1.Kl.Süd"]
[Site "Uttendorf"]
[Date "2004.01.10"]
[Round "6"]
[White "Grundner, Alois"]
[Black "Stojakovic, Miro"]
[Result "1-0"]
[WhiteElo "1870"]
[BlackElo "1820"]
[Annotator "Grundner,Alois"]
[PlyCount "89"]
[TimeControl "300"]

{48MB, Fritz8.ctg, OEMComputer} 1. d4 e6 2. c4 d5 3. Nc3 c6 4. Nf3 Be7 5. Qc2
dxc4 6. a4 a6 7. e3 Nd7 8. Bxc4 Ngf6 9. O-O Nb6 10. Be2 Qc7 11. Bd2 Nbd5 12.
Rfc1 O-O 13. Ne5 Bd6 14. f4 Qe7 15. Qb3 Nxc3 16. bxc3 Rb8 17. Bf3 g6 18. c4 Rd8
19. c5 Bc7 20. Nc4 Nd5 21. a5 h5 22. Rd1 Qf6 23. Ne5 Kg7 24. Be1 h4 25. h3 Rh8
26. Rd2 Qe7 27. Rb2 f6 28. Ng4 Qd8 29. Rab1 Bxa5 30. Bxa5 Qxa5 31. Ra2 Qc3 32.
Bxd5 Qxb3 33. Bxb3 Ra8 34. Bc4 Ra7 35. Ra5 Rh7 36. Nf2 f5 37. Nd3 Kf6 38. Ne5
Rg7 39. Be2 Rh7 40. Nc4 Rc7 41. Ra2 g5 42. Rab2 a5 43. fxg5+ Kxg5 44. Ra2 a4
45. Rba1 1-0

[Event "1.Kl.Süd"]
[Site "Uttendorf"]
[Date "2004.01.24"]
[Round "7"]
[White "Huber, Josef"]
[Black "Grundner, Alois"]
[Result "1/2-1/2"]
[WhiteElo "1779"]
[BlackElo "1877"]
[Annotator "Fritz 8 (10s)"]
[PlyCount "44"]

{D05: Damenbauernspiele (Colle-Aufbau)} 1. d4 Nf6 2. Nf3 e6 3. e3 d5 4. Bd3 c5
5. c3 Nc6 6. Nbd2 cxd4 7. exd4 Bd6 8. O-O O-O 9. Qe2 Qc7 10. Re1 b6 11. Ne5 {
letzter Buchzug} Bb7 12. f4 Ne7 13. Ndf3 Ne4 (13... Nf5 $5 $11) 14. Bxe4 dxe4
15. Ng5 Nd5 16. Nxe4 Be7 17. Ng3 Rae8 18. Bd2 f6 19. Nd3 Bd6 20. Rac1 Nxf4 21.
Nxf4 Bxf4 22. Bxf4 Qxf4 1/2-1/2

[Event "1.Kl.Süd"]
[Site "Uttendorf"]
[Date "2004.02.21"]
[Round "?"]
[White "Grundner, Alois"]
[Black "Elasad, Muhammad"]
[Result "1-0"]
[WhiteElo "1877"]
[BlackElo "1734"]
[Annotator "Fritz 8 (10s)"]
[PlyCount "39"]

{D11: Damengambit (Slawische Verteidigung)} 1. d4 d5 2. c4 c6 3. Nf3 dxc4 4. e3
b5 5. a4 Bb7 6. b3 cxb3 7. axb5 {letzter Buchzug} Nf6 8. Qxb3 Qb6 (8... e6 9.
Nbd2 $14) 9. Bc4 (9. Nbd2 $5 Nbd7 10. Nc4 $16) 9... e6 $14 {Verhindert das
Eindringen auf d5} 10. Bd2 Qc7 (10... cxb5 11. Bxb5+ Nbd7 12. Ba5 $14) 11. Ba5
(11. Rxa7 Nbd7 (11... Rxa7 {[%emt 0:00:00]} 12. b6 {[%eval 134,8] [%emt 0:00:
02]} Qc8 {[%emt 0:00:10]} 13. bxa7 {[%eval 247,11] [%emt 0:00:00]} Nbd7 {[%emt
0:00:06]} 14. Bxe6 {[%eval 266,11] [%emt 0:00:04]} fxe6 {[%emt 0:00:04]} 15.
Qxe6+ {[%eval 266,8] [%emt 0:00:00]} Be7 {[%emt 0:00:00]} 16. Ne5 {[%eval 266,
10] [%emt 0:00:05]} Rf8 {[%emt 0:00:00]} 17. Nc4 {[%eval 366,8] [%emt 0:00:03]}
) 12. Rxa8+ Bxa8 $16) 11... Qc8 12. Nbd2 Be7 13. O-O O-O 14. Rfc1 Nbd7 $2 (
14... c5 $142 $16) 15. Bxe6 $1 $18 {Motiv: Räumung für den Zug c1-c4} fxe6 (
15... c5 16. Ne5 fxe6 17. Qxe6+ Kh8 18. Qxe7 $18) 16. Qxe6+ {[%emt 0:00:00]
Kombination mit Doppelangriff} Rf7 17. Ng5 (17. bxc6 {damit würde Weiß es sich
noch erleichtern} h6 $18) 17... Qe8 (17... Ne5 18. dxe5 Qxe6 19. Nxe6 cxb5 20.
exf6 Bxf6 21. Bc3 $18) 18. bxc6 (18. Qxf7+ $6 Qxf7 19. Nxf7 cxb5 $18) 18... Nf8
(18... Bc8 $18 {ist vielleicht ein Schwindelversuch} 19. cxd7 {[%emt 0:00:00]}
Bxd7 {[%eval 372,11] [%emt 0:00:07]} 20. Qxf7+ {[%emt 0:00:06]} Qxf7 {[%eval
378,11] [%emt 0:00:00]} 21. Nxf7 {[%emt 0:00:02]} Kxf7 {[%eval 381,10] [%emt 0:
00:03]}) 19. Qxf7+ (19. cxb7 $6 {ist klar schwächer} Nxe6 20. bxa8=R Qxa8 21.
Nxe6 Ng4 $16) 19... Qxf7 20. Nxf7 (20. Nxf7 Bxc6 21. Nh6+ gxh6 22. Rxc6 $18)
1-0

[Event "1.Klasse Süd"]
[Site "Uttendorf"]
[Date "2004.03.06"]
[Round "?"]
[White "Penker, Harald"]
[Black "Grundner, Alois"]
[Result "1-0"]
[WhiteElo "2057"]
[BlackElo "1871"]
[Annotator "Fritz 8 (10s)"]
[PlyCount "61"]

{B01: Skandinavische Verteidigung} 1. e4 d5 2. exd5 Nf6 3. d4 Nxd5 4. c4 Nb6 5.
Nc3 {letzter Buchzug} c6 6. Be3 Bf5 7. Bd3 Bg6 8. Nf3 e6 {Sichert d5+f5} 9. a3
{Befestigt b4} Be7 10. h4 (10. O-O N8d7 $14) 10... Bh5 11. Rg1 (11. Qe2 $11)
11... Bxh4 (11... N8d7 $142 $11 {und Schwarz kann noch kämpfen}) 12. g4 $16 Bg6
13. g5 (13. Bxg6 $5 hxg6 14. Rh1 (14. Nxh4 $6 Qxh4 15. Qb3 Qe7 $11) 14... Nxc4
15. Bg5 $16) 13... Bh5 $14 14. Ne4 h6 (14... f6 15. c5 Nd5 16. gxf6 Bxf6 17.
Nd6+ Kf8 18. Rh1 $16) 15. c5 (15. Rh1 $142 $5 hxg5 16. Bxg5 Bxg5 17. Nfxg5 $18)
15... Nd5 $14 16. Nd6+ {Läßt den Springer von der Leine} Kf8 17. gxh6 g6 18.
Qe2 (18. Bc1 b6 19. Be2 Bxf3 20. Bxf3 Bf6 $16) 18... Qf6 19. Be4 Na6 (19... Nd7
20. O-O-O $16 (20. Nxb7 Rb8 $17)) (19... b6 {[%emt 0:00:00]} 20. Bxd5 exd5 (
20... cxd5 21. Qb5 Nd7 22. Nxh4 Qd8 23. b4 bxc5 24. bxc5 Rb8 25. Qc6 Nf6) 21.
Bf4 Nd7 22. Qe3 Bxf3 23. Qxf3 g5 24. Nf5 gxf4 25. Qg4 bxc5 26. Nxh4 Re8+ 27.
Kd1 Qxd4+ 28. Kc1 Re6 29. Nf5 Qf6 30. Ng7 Qxh6 31. Nxe6+ fxe6) 20. O-O-O Nac7
21. Rh1 (21. Nxb7 Nb5 $16) 21... Nxe3 (21... g5 $142 $5 $14 {sieht gut aus})
22. fxe3 $18 (22. Qxe3 $6 Bxf3 23. Qxf3 Qxf3 24. Bxf3 Bxf2 $14) 22... Bg5 $2 (
22... Bg3 23. Rdf1 Rxh6 $18) 23. Rxh5 gxh5 24. Ne5 (24. Nxg5 Qxg5 25. Qf2 f5
$16) 24... Ke7 25. Rf1 (25. Ndxf7 $6 Rhf8 26. Ng6+ Kxf7 $18) (25. Nexf7 $6 {
ist schnell zu verwerfen} Rhf8 26. Nxg5 Qxg5 $16) 25... Bxe3+ 26. Kb1 Bf4 27.
Ndxf7 (27. Nexf7 $6 Raf8 28. Nxh8 Qxh8 29. Nxb7 Qxd4 $18) 27... Rxh6 (27...
Rhg8 {ist vielleicht ein Schwindelversuch} 28. h7 Rg7 $18) 28. Nxh6 Qxh6 (28...
Bxe5 {nützt auch nichts mehr} 29. Rxf6 Bxf6 30. Qxh5 Kd7 31. Qf7+ Be7 $18) 29.
Qf3 (29. Rxf4 $142 $5 {ist genauer} Qxf4 30. Ng6+ Kd7 31. Nxf4 Rf8 $18) 29...
Bxe5 (29... Rd8 $18 {ist ein letzter Strohhalm}) 30. Qf7+ (30. dxe5 {ist weit
schwächer wegen} Rf8 31. Qxf8+ Qxf8 32. Rxf8 Kxf8 $17) 30... Kd8 31. Rg1 (31.
Rg1 Qh8 32. dxe5 $18) 1-0